Statistiken für Die 91 Meistverkauften Videospiele

Klicken Sie hier um das Quiz zu spielen!

Allgemein

  • Dieses Quiz wurde 4.344 mal gespielt
    (129 seit der letzten Aktualisierung)
  • Das Durchschnittsergebnis liegt bei 27 aus 94

Antwortstatistiken

PlatzSpielVerkaufte EinheitenVeröffentlichungPublisher% Korrekt
2Grand Theft Auto V190 Millionen17. September 2013Rockstar Games
99%
1Minecraft300 Millionen18. November 2011Mojang Studios, Microsoft Studios, Sony Interactive Entertainment
97%
5PUBG: Battlegrounds75 Millionen20. Dezember 2017PUBG Corporation
79%
23Grand Theft Auto IV30,50 Millionen29. April 2008Rockstar Games
73%
37Grand Theft Auto III25 Millionen22. Oktober 2001Rockstar Games
68%
93Red Dead Redemption15 Millionen18. Mai 2010Rockstar Games
68%
27Grand Theft Auto: San Andreas30 Millionen26. Oktober 2004Rockstar Games
59%
6Mario Kart 8 (Deluxe)69,04 Millionen29. Mai 2014Nintendo
57%
14Super Mario Bros.40,24 Millionen13. September 1985Nintendo
57%
42FIFA 1824 Millionen29. September 2017Electronic Arts
55%
4Wii Sports82,90 Millionen19. November 2006Nintendo
55%
57FIFA 1920 Millionen28. September 2018Electronic Arts
53%
3Tetris (EA-Version)100 Millionen12. September 2006Electronic Arts
53%
13Tetris (Nintendo-Version)43 Millionen14. Juni 1989Nintendo
53%
82FIFA 1615,81 Millionen22. September 2015Electronic Arts
52%
94Sonic the Hedgehog15 Millionen23. Juni 1991Sega
52%
7Red Dead Redemption 261 Millionen26. Oktober 2018Rockstar Games
50%
9Overwatch50 Millionen24. Mai 2016Blizzard Entertainment
48%
83Call of Duty 4: Modern Warfare15,70 Millionen05. November 2007Activision
46%
21Pokemon Rote und Blaue Edition31,38 Millionen27. Februar 1996Nintendo
46%
33Call of Duty: Black Ops26,20 Millionen09. November 2010Activision
44%
78FIFA 1116 Millionen28. September 2010Electronic Arts
43%
8The Elder Scrolls V: Skyrim60 Millionen11. November 2011Bethesda Softworks
43%
38Grand Theft Auto: Vice City25 Millionen27. Oktober 2002Rockstar Games
42%
25Call of Duty: Modern Warfare30 Millionen25. Oktober 2019Activision
41%
15Counter-Strike: Global Offensive40 Millionen21. August 2012Valve
41%
11Animal Crossing: New Horizons44,79 Millionen20. März 2020Nintendo
38%
41Call of Duty: Black Ops II24,20 Millionen12. November 2012Activision
38%
19The Legend of Zelda: Breath of the Wild33,31 Millionen03. März 2017Nintendo
38%
68Mario Kart 718,98 Millionen01. Dezember 2011Nintendo
36%
46Pokemon Goldene und Silberne Edition23,10 Millionen21. November 1999Nintendo
34%
18Super Smash Bros. Ultimate33,67 Millionen07. Dezember 2018Nintendo
34%
77Pokemon Rubin- und Saphir-Edition16,22 Millionen21. November 2002Nintendo
33%
10The Witcher 3: Wild Hunt50 Millionen19. Mai 2015Bandai Namco Games
33%
26Diablo III30 Millionen15. Mai 2012Blizzard Entertainment
32%
34Pokemon Schwert und Schild26,17 Millionen15. November 2019Nintendo, The Pokemon Company
32%
56Elden Ring20 Millionen25. Februar 2022Bandai Namco
31%
35Cyberpunk 207725 Millionen10. Dezember 2020CD Projekt
30%
71Pokemon Diamant- und Perl-Edition17,67 Millionen28. September 2006Nintendo, The Pokemon Company
30%
17Mario Kart Wii37,38 Millionen10. April 2008Nintendo
29%
85Pokemon Schwarze und Weiße Edition15,64 Millionen18. September 2010Nintendo, The Pokemon Company
29%
76Pokemon Sonne und Mond16,32 Millionen18. November 2016Nintendo, The Pokemon Company
28%
90Battlefield 315 Millionen25. Oktober 2011Electronic Arts
27%
36Fallout 425 Millionen10. November 2015Bethesda Softworks
27%
48Call of Duty: Modern Warfare 222,70 Millionen10. November 2009Activision
25%
80Die Sims16 Millionen04. Februar 2000Electronic Arts
25%
74Pokemon X und Y16,72 Millionen12. Oktober 2013Nintendo, The Pokemon Company
24%
54The Legend of Zelda: Tears of the Kingdom20,28 Millionen12. Mai 2023Nintendo
23%
40Pokemon Karmesin und Purpur24,36 Millionen18. November 2022Nintendo, The Pokemon Company
22%
12Terraria44,50 Millionen16. Mai 2011Re-Logic
22%
61The Last of Us20 Millionen14. Juni 2013Sony Computer Entertainment
22%
32Call of Duty: Modern Warfare 326,50 Millionen08. November 2011Activision
20%
44Nintendogs23,96 Millionen21. April 2005Nintendo
20%
52Super Mario World20,61 Millionen21. November 1990Nintendo
20%
50Hogwarts Legacy22 Millionen10. Februar 2023Warner Bros. Games
19%
63Marvel's Spider-Man20 Millionen07. September 2018Sony Interactive Entertainment
19%
22New Super Mario Bros.30,80 Millionen15. Mai 2006Nintendo
19%
45Mario Kart DS23,60 Millionen14. November 2005Nintendo
18%
92Need for Speed: Underground15 Millionen17. November 2003EA Games
18%
72Super Mario Bros. 317,28 Millionen23. Oktober 1988Nintendo
18%
30Super Mario Odyssey27,65 Millionen27. Oktober 2017Nintendo
18%
89Assassin's Creed IV: Black Flag15 Millionen29. Oktober 2013Ubisoft
17%
79Need for Speed: Most Wanted16 Millionen11. November 2005Electronic Arts
17%
47God of War23 Millionen20. April 2018Sony Computer Entertainment
16%
87Pokemon: Let's Go, Pikachu! und Let's Go, Evoli!15,07 Millionen17. November 2018Nintendo, The Pokemon Company
15%
20Wii Sports Resort33,14 Millionen25. Juni 2009Nintendo
15%
53Super Mario Party20,34 Millionen05. Oktober 2018Nintendo
14%
31Borderlands 227 Millionen18. September 20122K Games, Sony Interactive Entertainment
13%
24New Super Mario Bros. Wii30,32 Millionen11. November 2009Nintendo
13%
70Borderlands 318 Millionen13. September 20192K Games
11%
84Call of Duty: World at War15,70 Millionen11. November 2008Activision
11%
67Call of Duty: Ghosts19 Millionen05. November 2013Activision
10%
16Human: Fall Flat40 Millionen22. Juli 2016Curve Digital, 505 Games
10%
88Pokemon Strahlender Diamant und Leuchtende Perle15,06 Millionen19. November 2021Nintendo, The Pokemon Company
10%
64Stardew Valley20 Millionen26. Februar 2016Chucklefish
10%
69Super Mario Land18,14 Millionen21. April 1989Nintendo
10%
49Wii Fit22,67 Millionen01. Dezember 2007Nintendo
9%
39Palworld25 Millionen19. Januar 2024Pocketpair
8%
29Wii Play28,02 Millionen02. Dezember 2006Nintendo
8%
28Duck Hunt28,30 Millionen21. April 1984Nintendo
6%
59Garry's Mod20 Millionen24. Dezember 2004Facepunch Studios
6%
60Horizon Zero Dawn20 Millionen28. Februar 2017Sony Interactive Entertainment
6%
65Monster Hunter: World19,10 Millionen26. Januar 2018Capcom
6%
73New Super Mario Bros. U Deluxe17,20 Millionen11. Januar 2019Nintendo
6%
43Kinect Adventures!24 Millionen04. November 2010Microsoft Studios
5%
91Mortal Kombat 1115 Millionen23. April 2019Warner Bros. Interactive Entertainment
5%
66Dr. Kawashimas Gehirn-Jogging19,01 Millionen19. Mai 2005Nintendo
4%
58Frogger20 Millionen05. Juni 1981Sega
4%
75Sonic & Sega All-Stars Racing16,70 Millionen23. Juni 2011Sega
4%
51Wii Fit Plus21,13 Millionen01. Oktober 2009Nintendo
4%
55Dying Light20 Millionen28. Januar 2015Warner Bros. Games
3%
86Ring Fit Adventure15,38 Millionen18. Oktober 2019Nintendo
2%
81Uncharted 4: A Thief's End16 Millionen10. Mai 2016Sony Interactive Entertainment
2%
62Lemmings20 Millionen14. Februar 1991Psygnosis
1%

Verteilung der Resultate

Perzentil nach korrekt beantworteten Fragen

Anzahl Personen mit jedem Resultat

Ihre Resultats-Entwicklung

Sie haben dieses Quiz seit der letzten Aktualisierung nicht gespielt